|
|
|
|
| LEADER |
01639nam a22003973i 4500 |
| 001 |
EBC7014822 |
| 003 |
MiAaPQ |
| 005 |
20231204023225.0 |
| 006 |
m o d | |
| 007 |
cr cnu|||||||| |
| 008 |
231204s2020 xx o ||||0 eng d |
| 020 |
|
|
|a 9783110440577
|q (electronic bk.)
|
| 035 |
|
|
|a (MiAaPQ)EBC7014822
|
| 035 |
|
|
|a (Au-PeEL)EBL7014822
|
| 035 |
|
|
|a (OCoLC)1153523248
|
| 040 |
|
|
|a MiAaPQ
|b eng
|e rda
|e pn
|c MiAaPQ
|d MiAaPQ
|
| 082 |
0 |
|
|a 410
|
| 100 |
1 |
|
|a Pirrelli, Vito.
|
| 245 |
1 |
0 |
|a Word Knowledge and Word Usage :
|b A Cross-Disciplinary Guide to the Mental Lexicon.
|
| 250 |
|
|
|a 1st ed.
|
| 264 |
|
1 |
|a Berlin/Boston :
|b De Gruyter, Inc.,
|c 2020.
|
| 264 |
|
4 |
|c Ã2020.
|
| 300 |
|
|
|a 1 online resource (726 pages)
|
| 336 |
|
|
|a text
|b txt
|2 rdacontent
|
| 337 |
|
|
|a computer
|b c
|2 rdamedia
|
| 338 |
|
|
|a online resource
|b cr
|2 rdacarrier
|
| 490 |
1 |
|
|a Trends in Linguistics. Studies and Monographs [TiLSM] Series ;
|v v.337
|
| 588 |
|
|
|a Description based on publisher supplied metadata and other sources.
|
| 590 |
|
|
|a Electronic reproduction. Ann Arbor, Michigan : ProQuest Ebook Central, 2023. Available via World Wide Web. Access may be limited to ProQuest Ebook Central affiliated libraries.
|
| 655 |
|
4 |
|a Electronic books.
|
| 700 |
1 |
|
|a Plag, Ingo.
|
| 700 |
1 |
|
|a Dressler, Wolfgang U.
|
| 776 |
0 |
8 |
|i Print version:
|a Pirrelli, Vito
|t Word Knowledge and Word Usage
|d Berlin/Boston : De Gruyter, Inc.,c2020
|
| 797 |
2 |
|
|a ProQuest (Firm)
|
| 830 |
|
0 |
|a Trends in Linguistics. Studies and Monographs [TiLSM] Series
|
| 856 |
4 |
0 |
|u https://ebookcentral.proquest.com/lib/matrademy/detail.action?docID=7014822
|z Click to View
|